| 000 | 00574nam a2200205Ia 4500 | ||
|---|---|---|---|
| 005 | 20250923145826.0 | ||
| 008 | 008 250917s9999 xx 000 0 eng d | ||
| 037 | _aTextual | ||
| 040 |
_aDSWL _beng _cDSWL |
||
| 041 |
_aeng _2eng |
||
| 084 |
_aY:411.2, N88 _qDSWL |
||
| 100 |
_aSain, B. _9839328 |
||
| 245 | 0 |
_aDrug danger and social behavior: New challenges _cby B. Sain |
|
| 260 |
_aDelhi _bSarada Prakashan _c1988 |
||
| 300 | _axiv,318p. | ||
| 365 |
_aINR _b280.00 |
||
| 925 | _g280.00 | ||
| 942 |
_cTEXL _hY:411.2, N88 |
||
| 999 |
_c1456173 _d1456173 |
||